000
00302pam a2200133 a 4500
020
_c
041
_h
082
_a
751.422
_b
PRE
100
_a
Jean Hains .
245
_a
World of water colour
_h
Textual Documents
260
_a
[s.l]:
_b
search Press ,
_c
2015.
300
_a
176:
_b
Hard.
930
_a
7487
999
_c
241277
_d
241277